Statistics for Every Food Emoji

Click here to take the quiz!

General Stats

  • This quiz has been taken 113 times
  • The average score is 49 of 100

Answer Stats

EmojiAnswer% Correct
๐Ÿ‡Grapes
94%
๐Ÿ‹Lemon
94%
๐ŸGreen Apple
92%
๐ŸŠTangerine
92%
๐Ÿ‰Watermelon
92%
๐ŸŒBanana
91%
๐ŸฅšEgg
91%
๐ŸPear
91%
๐ŸPineapple
91%
๐ŸŽRed Apple
91%
๐Ÿ•Pizza
90%
๐Ÿฅ‘Avocado
88%
๐ŸŒฝCorn
88%
๐ŸŒญHot Dog
88%
๐Ÿ„Mushroom
88%
๐ŸฅฅCoconut
87%
๐Ÿฅ•Carrot
86%
๐Ÿ†Eggplant
86%
๐Ÿ…Tomato
86%
๐ŸŽ‚Birthday Cake
84%
๐ŸžBread
83%
๐Ÿง€Cheese
82%
๐Ÿฅ’Cucumber
82%
๐ŸฅœPeanut
81%
๐Ÿง…Onion
79%
๐Ÿฅ”Potato
78%
๐ŸฅฆBroccoli
77%
๐Ÿ”Hamburger
75%
๐ŸฅจPretzel
75%
๐Ÿฅ“Bacon
74%
๐ŸŒฎTaco
74%
๐ŸฅCroissant
71%
๐ŸŸFrench Fries
70%
๐Ÿฅ—Salad
70%
๐ŸฉDoughnut
69%
๐ŸฅญMango
69%
๐ŸˆMelon
66%
๐Ÿง‡Waffle
66%
๐Ÿง„Garlic
65%
๐ŸงŠIce
65%
๐Ÿง‚Salt
65%
๐ŸฃSushi
65%
๐ŸชCookie
62%
๐Ÿฅ›Glass of Milk
62%
๐ŸฅžPancakes
62%
๐ŸซChocolate Bar
61%
๐Ÿ“Strawberry
58%
๐Ÿฅ–Baguette
57%
๐ŸŒฏBurrito
57%
๐ŸจIce Cream
56%
๐ŸงˆButter
55%
๐ŸฅชSandwich
55%
๐ŸบBeer
53%
๐ŸฟPopcorn
53%
๐ŸงCupcake
52%
๐ŸทWine Glass
52%
๐ŸฅKiwi
51%
๐Ÿ‘Peach
51%
๐ŸฅงPie
48%
๐ŸฅฏBagel
47%
๐ŸญLollipop
47%
๐Ÿ’Cherries
44%
๐ŸฏHoney Pot
43%
๐ŸฌCandy
42%
๐ŸSpaghetti
39%
๐Ÿ—Chicken Leg
36%
๐ŸผBaby Bottle
25%
๐ŸธCocktail Glass
22%
๐Ÿฅ Fortune Cookie
21%
๐Ÿ Sweet Potato
18%
๐ŸงƒBeverage Box
16%
๐ŸŒฐChestnut
14%
๐ŸฑBento Box
13%
๐ŸฅŸDumpling
13%
๐Ÿง†Falafel
13%
๐ŸฆชOyster
12%
๐ŸฆSoft Ice Cream
10%
๐Ÿ™Rice Ball
9%
๐ŸคFried Shrimp
8%
๐ŸฅฌLeafy Green
6%
๐ŸงShaved Ice
6%
๐ŸฎCustard
4%
๐Ÿ˜Rice Cracker
4%
๐ŸตTeacup
4%
๐ŸšCooked Rice
3%
๐ŸกDango
3%
๐ŸฅฎMoon Cake
3%
๐ŸฐShortcake
3%
๐Ÿ›Curry Rice
1%
๐ŸฅฉCut of Meat
1%
๐ŸฅFish Cake
1%
๐Ÿ–Meat on Bone
1%
๐ŸขOden
1%
๐ŸฒPot of Food
1%
๐ŸฅฃBowl with Spoon
0%
๐ŸฅคCup with Straw
0%
โ˜•Hot Beverage
0%
๐ŸœSteaming Bowl
0%
๐Ÿฅ™Stuffed Flatbread
0%
๐ŸนTropical Glass
0%

Score Distribution

Percentile by Number Answered

Percent of People with Each Score

Your Score History

You have not taken this quiz